000 00825nam a2200253 4500
003 OSt
005 20260530115302.0
008 260417b2009 gw a|||| |||| 00| 0 eng d
020 _a9783899552416
040 _aICI
_bspa
_cICI
050 _aNK1570
_bN53
100 1 _aNicolai, Carsten,
_d1965,
245 1 0 _aGrid Index /
_c Carsten Nicolai
264 1 _bGestalten,
_c2009
_aBerlin :
300 _avolumenes
_b ilustraciones
_e1 CD-ROM (4 3/4 plg.)
336 _atexto
_2rdacontent
337 _asin medio
_2rdamedia
338 _avolumen
_2rdacarrier
502 _a"visual dictionary on two-dimensional grids and geometric tilings"--Pref.
650 _aGrids (Crisscross patterns)
_931313
650 _a Mosaicos (Matemáticas)
_931314
650 _a Formas repetitivas (Artes decorativas)
_931315
942 _2lcc
_cBK
999 _c12880
_d12880